| 000 | 00455nam a22001697a 4500 | ||
|---|---|---|---|
| 003 | CEME | ||
| 005 | 20210628203612.0 | ||
| 008 | 210203b xxu||||| |||| 00| 0 eng d | ||
| 040 | _c. | ||
| 082 | _a297.1241 GLA | ||
| 100 |
_aGhulam Rasool Rizvi.Allama _966495 |
||
| 245 | _aTafeem-ul-bokhari | ||
| 250 | _a11VOLS | ||
| 260 |
_aFAISALABAD _bTAFEEM-UL-BUKHARI _c1985 |
||
| 650 |
_aISLAM-HADITH-TAFEEM-UL-BOKHARI BOKHARI SHARIF _966496 |
||
| 942 |
_cBK _2ddc |
||
| 999 |
_c574465 _d574465 |
||